000 00748nam a2200265Ia 4500
003 OSt
005 20220918174336.0
006 a|||||r|||| 00| 0
007 ta
008 220917b |||||||| |||| 00| 0 eng d
024 _a11,674
037 _cTextual
040 _aARTS
_cARTS
_beng
041 _2eng
_aeng
082 _a/\:36.42, 498L8 (Q4)
100 _aLokesh Chandra comp
_950048
245 0 _aMudras in Japan
260 _aNew Delhi
_bJayyad Press
_c1978
300 _a302p. illus
_ccm.
490 _aSata-Pitaka series; 243
650 _aSPIRITUALISM
700 _a Sharada Rani comp
_950049
942 _h/\:36.42, 498L8 (Q4)
_cTEXL
_2CC
999 _c152762
_d152762